000 00311nam a2200133Ia 4500
008 230917s9999||||xx |||||||||||||| ||und||
040 _e185149
_aMAIN
041 _aEnglish
082 _a382.1 C344I
100 _aChacholiades, Miltiades
245 0 _aInternational economics
300 _a594 p.
942 _cBK
999 _c66997
_d66997